000
00217nam a2200097Ia 4500
008
240331s9999 xx 000 0 und d
082
_b
RAJ
100
_a
Rajadurai,J
245
0
_a
Eelaththu thamil arangil pen
942
_c
L
999
_c
4625
_d
4625